MARC

LEADER 00000nam0a2200000 4500
001 333169
005 20231102004528.0
020 |a RU 
035 |a (RuTPU)RU\TPU\book\359164 
035 |a RU\TPU\book\359161 
090 |a 333169 
100 |a 20170607d1978 k y0rusy5003 ca 
101 0 |a rus 
102 |a RU 
105 |a a z 001zy 
200 1 |a Научное обоснование повышения эффективности поисково-разведочных работ на нефть и газ  |e [сборник трудов]  |f Всесоюзный научно-исследовательский геологоразведочный нефтяной институт (ВНИГНИ) ; под ред. С. П. Максимова 
210 |a Москва  |c Изд-во ВНИГНИ  |d 1978 
215 |a 195 с.  |c ил. 
225 1 |a Труды Всесоюзного научно-исследовательского геологоразведочного нефтяного института (ВНИГНИ)  |v Вып. 204 
320 |a Библиография в конце статей 
606 1 |a Нефтегазовые месторождения  |x Поиски и разведка  |2 stltpush  |3 (RuTPU)RU\TPU\subj\69452  |9 84303 
610 1 |a исследования 
610 1 |a методика 
610 1 |a научные направления 
610 1 |a оптимизация 
610 1 |a прогнозирование 
610 1 |a сейсмические работы 
610 1 |a ловушки 
610 1 |a экономическая эффективность 
675 |a 553.98:550.8.003.13  |v 3 
702 1 |a Максимов  |b С. П.  |4 340 
712 0 2 |a Всесоюзный научно-исследовательский геологоразведочный нефтяной институт (ВНИГНИ)  |2 stltpush  |3 (RuTPU)RU\TPU\col\18350 
801 0 |a RU  |b 63413507  |c 19950704  |g psbo 
801 1 |a RU  |b 63413507  |c 20150925 
801 2 |a RU  |b 63413507  |c 20170608  |g RCR 
942 |c BK